Music Quiz

Random Music or Song Quiz

Bands by Setlist Quiz Stats

Quiz Updated Dec 4, 2014

Challenge
Share
Tweet
Score 0/25 Timer 07:00
2 Plays Today
% Correct
The Police
94.4%
Nirvana
94.3%
Guns N' Roses
85.4%
Prince
85.3%
Journey
85.2%
Red Hot Chili Peppers
82.7%
Fleetwood Mac
78.1%
Paul McCartney
77.1%
Aerosmith
76.4%
Katy Perry
75.9%
R.E.M.
71.2%
Bob Dylan
69.3%
Pearl Jam
68.7%
% Correct
Billy Joel
67.9%
Van Morrison
66.5%
Blondie
65.1%
The Killers
64.9%
Tom Petty and the Heartbreakers
64.8%
Heart
64.8%
Sex Pistols
62.4%
Soundgarden
57.2%
Radiohead
57.1%
Foo Fighters
56.4%
Neil Young
56.4%
Mötley Crüe
45.8%

You're not logged in!

Compare scores with friends on all Sporcle quizzes.
Sign Up with Email
OR
Log In

You Might Also Like...

Show Comments

Extras

Top Quizzes Today


Score Distribution

Your Account Isn't Verified!

In order to create a playlist on Sporcle, you need to verify the email address you used during registration. Go to your Sporcle Settings to finish the process.